=LDR 00000nam 2200000 4500 =001 INLIS000000000015665 =990 ##$$a 00038816 =005 20130612110935 =990 ##$$a 00038817 =008 ***********************************Indo** =035 ##$$0010-061300000015665 =041 ##$$a Indo =082 ##$$a 028.5 =090 ##$$a 028.5, Bas a =100 ##$$a Basya Abdurahman Ri'fat =245 ##$$a Abdurahman Al-Ghafiqi Tombak Jihad I, Penerjemah Masykur Ab =250 ##$$a Seri Kisah Para Tabiin =260 ##$$a 1993 $b Bandung =300 ##$$a 19 hlm, ilus, 19 cm =650 ##$$a Bacaan Kanak-Kanak =700 ##$$a masykur Ab =850 ##$$a NBPNMAT